Sociální zabezpečení ve Francii

Organizácia a správa všeobecného systému sociálneho zabezpečenia vo Francúzsku. Dôchodkové poistenie. Nemocenské a zdravotné poistenie. Pracovné úrazy a choroby z povolania. Rodinné prídavky. Poistenie v nezamestnanosti.

Saved in:
Bibliographic Details
Main Author: Rys, V.
Format: Book Chapter
Language:Czech
Subjects:
Tags: Add Tag
No Tags, Be the first to tag this record!

MARC

LEADER 00000naa a2200000 4500
001 r017209
005 20221208131354.4
041 0 |a cze 
044 |a CZ 
245 1 0 |a Sociální zabezpečení ve Francii  |c V. Rys 
520 |a Organizácia a správa všeobecného systému sociálneho zabezpečenia vo Francúzsku. Dôchodkové poistenie. Nemocenské a zdravotné poistenie. Pracovné úrazy a choroby z povolania. Rodinné prídavky. Poistenie v nezamestnanosti. 
610 2 0 |a zabezpečenie sociálne 
610 2 0 |a Francúzsko 
610 2 0 |a poistenie dôchodkové 
610 2 0 |a poistenie nemocenské 
610 2 0 |a poistenie zdravotné 
610 2 0 |a poistenie úrazové 
610 2 0 |a poistenie prídavkov na deti 
610 2 0 |a poistenie v nezamestnanosti 
100 1 |a Rys, V.